Bài tập giải tích hàm
Nội dung tài liệu gồm 2 phần: Phần một tóm tắt lý thuyết và đề bài bao gồm 5 chương cuối mỗi chương có phần bài tập; Phần hai hướng dẫn giải bài tập.
Gorde:
| Egile nagusia: | |
|---|---|
| Formatua: | Liburua |
| Hizkuntza: | Undetermined |
| Argitaratua: |
Hà Nội
Nxb. Đại học Sư phạm
2013
|
| Gaiak: | |
| Etiketak: |
Etiketa erantsi
Etiketarik gabe, Izan zaitez lehena erregistro honi etiketa jartzen!
|
| Thư viện lưu trữ: | Trung tâm Học liệu Trường Đại học Cần Thơ |
|---|
| LEADER | 00834nam a2200205Ia 4500 | ||
|---|---|---|---|
| 001 | CTU_199885 | ||
| 008 | 210402s9999 xx 000 0 und d | ||
| 020 | |c 69000 | ||
| 082 | |a 515.7 | ||
| 082 | |b H103 | ||
| 100 | |a Lê, Mậu Hải | ||
| 245 | 0 | |a Bài tập giải tích hàm | |
| 245 | 0 | |c Lê Mậu Hải, Tăng Văn Long | |
| 260 | |a Hà Nội | ||
| 260 | |b Nxb. Đại học Sư phạm | ||
| 260 | |c 2013 | ||
| 520 | |a Nội dung tài liệu gồm 2 phần: Phần một tóm tắt lý thuyết và đề bài bao gồm 5 chương cuối mỗi chương có phần bài tập; Phần hai hướng dẫn giải bài tập. | ||
| 650 | |a Functional analysis,Giải tích hàm | ||
| 904 | |i Bằng | ||
| 980 | |a Trung tâm Học liệu Trường Đại học Cần Thơ | ||